| 000 -LEADER |
| fixed length control field |
01991cam a2200385 a 4500 |
| 001 - CONTROL NUMBER |
| control field |
15308878 |
| 003 - CONTROL NUMBER IDENTIFIER |
| control field |
OSt |
| 005 - DATE AND TIME OF LATEST TRANSACTION |
| control field |
20170105102908.0 |
| 008 - FIXED-LENGTH DATA ELEMENTS--GENERAL INFORMATION |
| fixed length control field |
080529s2009 njub b 001 0 eng |
| 010 ## - LIBRARY OF CONGRESS CONTROL NUMBER |
| LC control number |
2008023715 |
| 015 ## - NATIONAL BIBLIOGRAPHY NUMBER |
| National bibliography number |
GBA907837 |
| Source |
bnb |
| 016 7# - NATIONAL BIBLIOGRAPHIC AGENCY CONTROL NUMBER |
| Record control number |
014888865 |
| Source |
Uk |
| 020 ## - INTERNATIONAL STANDARD BOOK NUMBER |
| International Standard Book Number |
9780691135892 (hardcover : alk. paper) |
| 020 ## - INTERNATIONAL STANDARD BOOK NUMBER |
| International Standard Book Number |
0691135894 (hardcover : alk. paper) |
| 035 ## - SYSTEM CONTROL NUMBER |
| System control number |
(OCoLC)ocn229467524 |
| 040 ## - CATALOGING SOURCE |
| Original cataloging agency |
DLC |
| Transcribing agency |
DLC |
| Modifying agency |
BTCTA |
| -- |
YDXCP |
| -- |
UKM |
| -- |
C#P |
| -- |
BWX |
| -- |
CDX |
| -- |
LNT |
| -- |
DLC |
| 043 ## - GEOGRAPHIC AREA CODE |
| Geographic area code |
a------ |
| -- |
ee----- |
| -- |
aw----- |
| 050 00 - LIBRARY OF CONGRESS CALL NUMBER |
| Classification number |
DS329.4 |
| Item number |
.B43 2009 |
| 082 00 - DEWEY DECIMAL CLASSIFICATION NUMBER |
| Classification number |
958 |
| Edition number |
22 |
| Author Mark |
BEC 2009 |
| 100 1# - MAIN ENTRY--PERSONAL NAME |
| Personal name |
Beckwith, Christopher I., |
| Dates associated with a name |
1945- |
| 245 10 - TITLE STATEMENT |
| Title |
Empires of the Silk Road : |
| Remainder of title |
a history of Central Eurasia from the Bronze Age to the present / |
| Statement of responsibility, etc. |
Christopher I. Beckwith. |
| 260 ## - PUBLICATION, DISTRIBUTION, ETC. |
| Place of publication, distribution, etc. |
Princeton : |
| Name of publisher, distributor, etc. |
Princeton University Press, |
| Date of publication, distribution, etc. |
c2009. |
| 300 ## - PHYSICAL DESCRIPTION |
| Extent |
xxv, 472 p. : |
| Other physical details |
map ; |
| Dimensions |
24 cm. |
| 500 ## - GENERAL NOTE |
| General note |
Map on lining papers. |
| 504 ## - BIBLIOGRAPHY, ETC. NOTE |
| Bibliography, etc. note |
Includes bibliographical references (p. 427-455) and index. |
| 505 0# - FORMATTED CONTENTS NOTE |
| Formatted contents note |
Prologue: The hero and his friends -- The chariot warriors -- The royal Scythians -- Between Roman and Chinese legions -- The age of Attila the Hun -- The Türk empire -- The Silk Road, revolution, and collapse -- The Vikings and Cathay -- Chinggis Khan and the Mongol conquests -- Central Eurasians ride to a European sea -- The road is closed -- Eurasia without a center -- Central Eurasia reborn -- Epilogue: The Barbarians -- Appendix A: The Proto-Indo-Europeans and their diaspora -- Appendix B: Ancient Central Eurasian ethnonyms. |
| 651 #0 - SUBJECT ADDED ENTRY--GEOGRAPHIC NAME |
| Geographic name |
Asia, Central |
| General subdivision |
History. |
| 651 #0 - SUBJECT ADDED ENTRY--GEOGRAPHIC NAME |
| Geographic name |
Europe, Eastern |
| General subdivision |
History. |
| 651 #0 - SUBJECT ADDED ENTRY--GEOGRAPHIC NAME |
| Geographic name |
East Asia |
| General subdivision |
History. |
| 651 #0 - SUBJECT ADDED ENTRY--GEOGRAPHIC NAME |
| Geographic name |
Middle East |
| General subdivision |
History. |
| 856 41 - ELECTRONIC LOCATION AND ACCESS |
| Materials specified |
Table of contents only |
| Uniform Resource Identifier |
<a href="http://www.loc.gov/catdir/toc/ecip0819/2008023715.html">http://www.loc.gov/catdir/toc/ecip0819/2008023715.html</a> |
| 906 ## - LOCAL DATA ELEMENT F, LDF (RLIN) |
| a |
7 |
| b |
cbc |
| c |
orignew |
| d |
1 |
| e |
ecip |
| f |
20 |
| g |
y-gencatlg |
| 942 ## - ADDED ENTRY ELEMENTS (KOHA) |
| Source of classification or shelving scheme |
|
| Koha item type |
Book |